Statistics for Fairy Tail Characters

Click here to take the quiz!

General Stats

  • This quiz has been taken 235 times
  • The average score is 4 of 15

Answer Stats

Answer% Correct
Natsu
100%
Lucy
99%
Erza
94%
Lyon
19%
Sting
16%
Rogue
15%
Eve
13%
Yukino
8%
Kagura
7%
Jura
7%
Hibiki
7%
Sherry
6%
Ren
5%
Flare
3%
Meredy
2%

Score Distribution

Percentile by Number Answered

Percent of People with Each Score

Your Score History

You have not taken this quiz